Caravan, (Record no. 19516)
[ view plain ]
| 000 -LEADER | |
|---|---|
| fixed length control field | 01933cam a2200289I 4500 |
| 001 - CONTROL NUMBER | |
| control field | caravanassembled03gals |
| 003 - CONTROL NUMBER IDENTIFIER | |
| control field | CaSfIA |
| 005 - DATE AND TIME OF LATEST TRANSACTION | |
| control field | 20230525154900.0 |
| 007 - PHYSICAL DESCRIPTION FIXED FIELD--GENERAL INFORMATION | |
| fixed length control field | cr|||| |
| 008 - FIXED-LENGTH DATA ELEMENTS--GENERAL INFORMATION | |
| fixed length control field | 720228s1925 nyu 000 1 eng |
| 010 ## - LIBRARY OF CONGRESS CONTROL NUMBER | |
| LC control number | 25015982 |
| 040 ## - CATALOGING SOURCE | |
| Original cataloging agency | DLC |
| Transcribing agency | MSC |
| Modifying agency | SER |
| -- | OCL |
| -- | UV$ |
| -- | OCLCG |
| -- | UBY |
| -- | CaSfIA |
| 019 ## - | |
| -- | 365628 |
| 035 ## - SYSTEM CONTROL NUMBER | |
| System control number | (OCoLC)250285 |
| Canceled/invalid control number | (OCoLC)365628 |
| 050 00 - LIBRARY OF CONGRESS CALL NUMBER | |
| Classification number | PZ3.G139 |
| 050 #4 - LIBRARY OF CONGRESS CALL NUMBER | |
| Classification number | PR6013.A5 |
| Item number | C4 1925 |
| 082 04 - DEWEY DECIMAL CLASSIFICATION NUMBER | |
| Classification number | 823.9 |
| Item number | G17car.2 |
| 029 1# - OTHER SYSTEM CONTROL NUMBER (OCLC) | |
| OCLC library identifier | NZ1 |
| System control number | 2848420 |
| 029 1# - OTHER SYSTEM CONTROL NUMBER (OCLC) | |
| OCLC library identifier | AU@ |
| System control number | 000001402333 |
| 100 1# - MAIN ENTRY--PERSONAL NAME | |
| Personal name | Galsworthy, John, |
| Dates associated with a name | 1867-1933. |
| 245 10 - TITLE STATEMENT | |
| Title | Caravan, |
| Medium | [electronic resource] |
| Remainder of title | the assembled tales of John Galsworthy. |
| 260 ## - PUBLICATION, DISTRIBUTION, ETC. | |
| Place of publication, distribution, etc. | New York, |
| Name of publisher, distributor, etc. | C. Scribner's Sons, |
| Date of publication, distribution, etc. | 1925. |
| 300 ## - PHYSICAL DESCRIPTION | |
| Extent | x p., 1 ., 760 p. |
| Dimensions | 20 cm. |
| 505 0# - FORMATTED CONTENTS NOTE | |
| Formatted contents note | Salvation of a Firsyte -- A stoic -- A portrait -- The grey angel -- Quality -- The man who kept his form -- The Japanese quince -- The broken boot -- The choice -- Ultime Thule -- Courage -- The bright side -- The black godmother -- Philanthropy -- A man of Devon -- The apple tree -- The prisoner -- A simple tale -- The consummation -- Acme -- Defeat -- Virtue -- The neighbours -- Stroke of lightning -- Spindleberries -- Salta pro nobis -- The pack -- "The dog it was that dies" -- A knight -- The juryman -- Timber -- Santa Lucia -- The mother stone -- Peace meeting -- A strange thing -- The nightmare child -- A reversion to type -- Expectations -- A woman -- A hedonist -- A miller of Dee -- Late-299 -- The silence -- A feud -- A fisher or men -- Manna -- "Cafard" -- The recruit -- Compensation -- Conscience -- Once more -- Blackmail -- Two looks -- A long-ago affair -- The first and the last -- Had a horse. |
| 856 41 - ELECTRONIC LOCATION AND ACCESS | |
| Uniform Resource Identifier | <a href="http://www.archive.org/details/caravanassembled03gals">http://www.archive.org/details/caravanassembled03gals</a> |
| Public note | Free eBook from the Internet Archive |
| Materials specified | Volume 3 |
| 856 42 - ELECTRONIC LOCATION AND ACCESS | |
| Uniform Resource Identifier | <a href="http://www.openlibrary.org/books/OL13439181M">http://www.openlibrary.org/books/OL13439181M</a> |
| Public note | Additional information and access via Open Library |
| Materials specified | Volume 3 |
| Withdrawn status | Lost status | Damaged status | Not for loan | Collection | Home library | Current library | Date acquired | Total Checkouts | Full call number | Date last seen | Price effective from | Koha item type |
|---|---|---|---|---|---|---|---|---|---|---|---|---|
| Project Gutenberg | Main Library | Main Library | 05/25/2023 | PZ3.G139 | 05/25/2023 | 05/25/2023 | EBooks |